Kochuam la thiangtho (Record no. 6010)

MARC details
000 -LEADER
fixed length control field 00423nam a2200169Ia 4500
003 - CONTROL NUMBER IDENTIFIER
control field OSt
005 - DATE AND TIME OF LATEST TRANSACTION
control field 20241126110554.0
008 - FIXED-LENGTH DATA ELEMENTS--GENERAL INFORMATION
fixed length control field 160509b xxu||||| |||| 00| 0 eng d
040 ## - CATALOGING SOURCE
Transcribing agency gbc
082 ## - DEWEY DECIMAL CLASSIFICATION NUMBER
Classification number VER 264.23
Item number KOC
245 ## - TITLE STATEMENT
Title Kochuam la thiangtho
250 ## - EDITION STATEMENT
Edition statement Tonic solfa ed.
260 ## - PUBLICATION, DISTRIBUTION, ETC.
Name of publisher, distributor, etc. Partnership Mission Society,
Place of publication, distribution, etc. Churachandpur:
Date of publication, distribution, etc. 1972
300 ## - PHYSICAL DESCRIPTION
Extent 391 p.;
Dimensions 24 cm.
650 ## - SUBJECT ADDED ENTRY--TOPICAL TERM
Topical term or geographic name entry element Hymns
9 (RLIN) 7148
942 ## - ADDED ENTRY ELEMENTS (KOHA)
Source of classification or shelving scheme Dewey Decimal Classification
Koha item type Books
Holdings
Withdrawn status Lost status Source of classification or shelving scheme Damaged status Not for loan Home library Current Library Shelving location Date acquired Total checkouts Full call number Barcode Date last seen Copy number Price effective from Koha item type
    Dewey Decimal Classification     GRACE BIBLE COLLEGE GRACE BIBLE COLLEGE Vernacular 2018-04-20   VER 264.23 KOC 001016 2025-05-01 c.1 2018-04-20 Books
© Grace Bible College Library 2025